Deutsche Fussball Weltmeisterschafts-Spieler mit den meisten Toren - Statistiken

Allgemein
  • Dieses Quiz wurde 221 mal gespielt
  • Das Durchschnittsergebnis liegt bei 8 aus 14
Antwortstatistiken
Hint Antwort % Korrekt
16 Tore Miroslav Klose
99%
14 Tore Gerd Müller
98%
10 Tore Thomas Müller
98%
5 Tore Lukas Podolski
72%
11 Tore Jürgen Klinsmann
67%
6 Tore Lothar Matthäus
66%
9 Tore Karl-Heinz Rummenigge
59%
9 Tore Uwe Seeler
59%
8 Tore Rudi Völler
57%
10 Tore Helmut Rahn
52%
5 Tore Franz Beckenbauer
41%
6 Tore Max Morlock
17%
7 Tore Hans Schäfer
11%
6 Tore Helmut Haller
7%
Keine übereinstimmenden Quizze gefunden
Verteilung der Resultate
Anzahl Personen mit jedem Resultat
Perzentil nach korrekt beantworteten Fragen
Ihre Resultats-Entwicklung
Sie haben dieses Quiz noch nicht gespielt